Deutsche Songtexte nach Googleübersetzer - Statistiken

Allgemein
  • Dieses Quiz wurde 2.658 mal gespielt
  • Das Durchschnittsergebnis liegt bei 9 aus 16
Antwortstatistiken
Hint Antwort % Korrekt
Nachts atmen Bis zum Anbruch eines neuen Tages Einfach außer Atem Deine Augen haben mich gefangen Nachts atmen Finden Sie heraus, was Liebe mit uns macht Kurzatmigkeit, Schwindel Toller Film für uns beide Atemlos durch die Nacht - Helene Fischer
95%
Am Ende der Straße steht ein Gartenhaus. Orangenscheiben sind out. Ich habe 20 Kinder und eine wunderschöne Frau. Nicht alles, was mir einfällt, wurde entfernt. Haus am See - Peter Fox
87%
Ich bewege Dinge herum Es gibt nichts, was mich aufhält Alles ist rot und weiß Ich bin schon lange nicht mehr geflogen Als Astronaut Ich sehe die Welt von oben Manche verschwinden im Blauen. Ich habe hier Zeit und Platz verschwendet Als Astronaut Astronaut - Sido feat. Andreas Bourani
82%
Deine Grausamkeit ist nichts anderes als ein stiller Schrei nach Liebe. Deine Kampfstiefel sind weich. Du hast nicht gelernt, dich zu erklären. Deine Eltern haben keine Zeit für dich. Oh, ich bin verrückt Schrei nach Liebe - Die Ärzte
79%
Und diese Lieder auch Tränen liefen ihr übers Gesicht Bowie war über Nacht ein Held Und der EMF ist ziemlich gut Und ich stehe im strömenden Regen Ich möchte ein Feuer machen Whitney war immer interessiert Und Michael würde mich nicht verlassen Lieder - Adel Tawil
75%
Um sie alle zu stehlen“ Ich bin nicht. Sie haben alles gestohlen. Nur ich weiß es. Stehlen, stehlen, stehlen. Es tut mir leid, dass ich dich das tun ließ Alles nur geklaut - Die Prinzen
67%
Das ist Bier Wie das Blut der Welt Komm und schenk dir einen Drink ein Wenn ich traurig bin Liegt es daran? Wie die alten Träume vom Eigenheim Dir muss vergeben werden Griechischer Wein - Udo Jürgens
67%
Oh, ich habe einen Körper auf der Erde Nein, aber ich kann es nicht beweisen Oh, überall ist Blut, aber ich nicht Hat jemand einen Plan, sie loszuwerden? In meinem Bett liegt ein toter Mann Nicht ich oder mein Großvater Oh, überall ist Blut, aber ich nicht Hat jemand einen Plan, sie loszuwerden? Ne Leiche - SDP feat. Sido
64%
Ich werde im Sommer gehen als jeder andere auf der Welt bis zum letzten Moment bis zum Regen Und der Wind weht neben dem Loch Wenn ich es nicht mehr kann, denke ich Wir werden uns eines Tages treffen durch den Sommer Dann wird alles gut Durch den Monsun - Tokio Hotel
55%
Möchten Sie Ihre Medikamente mitnehmen?
dann rote Rosen Ich habe ihn auf der Bühne gesehen Möchten Sie Ihre Medikamente mitnehmen? Sie verließ ihn Werfen wir einen Blick in die Höhle Werfen wir einen Blick in die Höhle Lasst uns das Loch erkunden Denn ein Teil davon ist Geld
Willst du - Alligatoah
45%
Sie sind immer da! Das ist eine gute Sache! Es lebe die Kolonie!
Wir lieben das Leben, Liebe und Zuneigung
Wir glauben an einen guten Gott und sind immer durstig
Viva Colonia - Die Höhner
41%
hahaha Er hat einen riesigen Körper und ein tolles Gesicht und du kennst mich Er ist ein Dämon, er ist ein Dämon Ich habe Angst, aber ich weiß, dass es mich betrifft Er ist ein Dämon, er ist ein Dämon Ich habe Angst, aber ich weiß, was ich will Monsta - Culcha Candela
37%
Mutana Holtz Mikari lebt, Holz Mikari lebt, Holz Mikari lebt?
Lebt Holz Mikkel?
Ja, sie leben noch, sie leben noch, sie leben noch
Ja, er lebt, lebendig, nicht tot
Lebt denn der alte Holzmichl noch...? - De Randfichten
30%
Wir trinken in der Schule. Mal sehen. Sie sagen, wir zerstören die Zukunft. Mal sehen. Ich hoffe, dass Sie aus unseren Fehlern lernen. Wir alle wollen arbeiten, bevor wir sterben. Ich hoffe, dass Sie aus unseren Fehlern lernen. Wir alle wollen arbeiten, bevor wir sterben. Bleib in der Schule - Trailerpark
28%
Ich liebe dich, Gildo. Auch wenn es Tränen gibt Er kommt und singt für dich. Ich liebe dich, Gildo. Guildo hat euch lieb - Guildo Horn
18%
er schrie Wenn ja, gehen Sie. er schrie Wenn das nicht reicht, knien Sie nieder und beten Sie noch einmal er schrie Wenn ja, lassen Sie es los. er schrie Was, was, was willst du noch? Heul doch - Lafee
10%
Keine übereinstimmenden Quizze gefunden
Verteilung der Resultate
Anzahl Personen mit jedem Resultat
Perzentil nach korrekt beantworteten Fragen
Ihre Resultats-Entwicklung
Sie haben dieses Quiz noch nicht gespielt